Normal view
MARC view
- G̲h̲ulām Muṣt̤afá K̲h̲ān̲.
Entry Personal Name
001 - CONTROL NUMBER
- control field: 3221
003 - CONTROL NUMBER IDENTIFIER
- control field: NUST
005 - DATE AND TIME OF LATEST TRANSACTION
- control field: 20170711124603.0
008 - FIXED-LENGTH DATA ELEMENTS
- fixed length control field: 170711|| aca||aabn | a|a d
040 ## - CATALOGING SOURCE
- Original cataloging agency: NUST
- Transcribing agency: NUST
100 ## - HEADING--PERSONAL NAME
- Personal name: G̲h̲ulām Muṣt̤afá K̲h̲ān̲.
670 ## - SOURCE DATA FOUND
- Source citation: Work cat.: (NUST)0: G̲h̲ulām Muṣt̤afá K̲h̲ān̲., Iqbāl aur Qurʼān /, 1988.
